<?xml version="1.0" encoding="UTF-8"?>
<record
    xmlns:xsi="http://www.w3.org/2001/XMLSchema-instance"
    xsi:schemaLocation="http://www.loc.gov/MARC21/slim http://www.loc.gov/standards/marcxml/schema/MARC21slim.xsd"
    xmlns="http://www.loc.gov/MARC21/slim">

  <leader>01817nam0a2200373 i 4500</leader>
  <controlfield tag="001">RU\NLR\BIBL_A\010301865</controlfield>
  <controlfield tag="005">20260408080643.0</controlfield>
  <datafield tag="010" ind1=" " ind2=" ">
    <subfield code="a">978-5-905751-35-6</subfield>
    <subfield code="9">300</subfield>
  </datafield>
  <datafield tag="021" ind1=" " ind2=" ">
    <subfield code="a">RU</subfield>
    <subfield code="b">2014-9278</subfield>
    <subfield code="9">583</subfield>
  </datafield>
  <datafield tag="035" ind1=" " ind2=" ">
    <subfield code="a">(NILC)RuMoRGB-006740986</subfield>
  </datafield>
  <datafield tag="035" ind1=" " ind2=" ">
    <subfield code="a">(NLR Aleph) 010301865</subfield>
  </datafield>
  <datafield tag="090" ind1=" " ind2=" ">
    <subfield code="a">10597561</subfield>
    <subfield code="c">10597561</subfield>
  </datafield>
  <datafield tag="100" ind1=" " ind2=" ">
    <subfield code="a">20140403d2013    u  y0rusy50      ca</subfield>
  </datafield>
  <datafield tag="101" ind1="0" ind2=" ">
    <subfield code="a">rus</subfield>
    <subfield code="a">vog</subfield>
  </datafield>
  <datafield tag="102" ind1=" " ind2=" ">
    <subfield code="a">RU</subfield>
  </datafield>
  <datafield tag="105" ind1=" " ind2=" ">
    <subfield code="a">a|||z||||00ay</subfield>
  </datafield>
  <datafield tag="200" ind1="1" ind2=" ">
    <subfield code="a">&#x41C;&#x430;&#x43D;&#x441;&#x438;&#x439;&#x441;&#x43A;&#x438;&#x435; &#x437;&#x430;&#x433;&#x430;&#x434;&#x43A;&#x438;</subfield>
    <subfield code="e">M&#x101;&#x43D;&#x44C;&#x441;&#x438; &#x101;&#x43C;&#x449;&#x438;&#x442;</subfield>
    <subfield code="f">&#x414;&#x435;&#x43F;. &#x43E;&#x431;&#x440;&#x430;&#x437;&#x43E;&#x432;&#x430;&#x43D;&#x438;&#x44F; &#x438; &#x43C;&#x43E;&#x43B;&#x43E;&#x434;&#x435;&#x436;. &#x43F;&#x43E;&#x43B;&#x438;&#x442;&#x438;&#x43A;&#x438; &#x425;&#x430;&#x43D;&#x442;&#x44B;-&#x41C;&#x430;&#x43D;&#x441;. &#x430;&#x432;&#x442;. &#x43E;&#x43A;&#x440;. - &#x42E;&#x413;&#x420;&#x42B;, &#x411;&#x423; &#x425;&#x41C;&#x410;&#x41E; -&#x42E;&#x413;&#x420;&#x42B; "&#x41E;&#x431;&#x441;&#x43A;&#x43E;-&#x443;&#x433;&#x43E;&#x440;. &#x438;&#x43D;-&#x442; &#x43F;&#x440;&#x438;&#x43A;&#x43B;&#x430;&#x434;. &#x438;&#x441;&#x441;&#x43B;&#x435;&#x434;. &#x438; &#x440;&#x430;&#x437;&#x440;&#x430;&#x431;&#x43E;&#x442;&#x43E;&#x43A;"</subfield>
    <subfield code="g">[&#x430;&#x432;&#x442;.-&#x441;&#x43E;&#x441;&#x442;., &#x43F;&#x435;&#x440;. &#x421;&#x43B;&#x438;&#x43D;&#x43A;&#x438;&#x43D;&#x430; &#x422;.&#x414;.</subfield>
    <subfield code="g">&#x445;&#x443;&#x434;&#x43E;&#x436;.: &#x418;.&#x412;. &#x421;&#x43E;&#x43A;&#x43E;&#x43B;&#x43E;&#x432;&#x430;]</subfield>
    <subfield code="z">vog</subfield>
  </datafield>
  <datafield tag="210" ind1=" " ind2=" ">
    <subfield code="a">&#x425;&#x430;&#x43D;&#x442;&#x44B;-&#x41C;&#x430;&#x43D;&#x441;&#x438;&#x439;&#x441;&#x43A;</subfield>
    <subfield code="c">&#x42E;&#x433;&#x440;&#x430;&#x444;&#x438;&#x43A;&#x430;</subfield>
    <subfield code="d">2013</subfield>
  </datafield>
  <datafield tag="215" ind1=" " ind2=" ">
    <subfield code="a">15 &#x441;.</subfield>
    <subfield code="c">&#x446;&#x432;. &#x438;&#x43B;.</subfield>
    <subfield code="d">21</subfield>
  </datafield>
  <datafield tag="300" ind1=" " ind2=" ">
    <subfield code="a">&#x422;&#x435;&#x43A;&#x441;&#x442; &#x43F;&#x430;&#x440;&#x430;&#x43B;. &#x43D;&#x430; &#x440;&#x443;&#x441;. &#x44F;&#x437;. &#x438; &#x43C;&#x430;&#x43D;&#x441;&#x438;</subfield>
  </datafield>
  <datafield tag="510" ind1="1" ind2=" ">
    <subfield code="a">M&#x101;&#x43D;&#x44C;&#x441;&#x438; &#x101;&#x43C;&#x449;&#x438;&#x442;</subfield>
    <subfield code="z">vog</subfield>
  </datafield>
  <datafield tag="686" ind1="0" ind2=" ">
    <subfield code="a">&#x428;9(2)3=&#x41C;&#x430;-5</subfield>
  </datafield>
  <datafield tag="702" ind1=" " ind2="1">
    <subfield code="a">&#x421;&#x43B;&#x438;&#x43D;&#x43A;&#x438;&#x43D;&#x430;</subfield>
    <subfield code="b">&#x422;. &#x414;.</subfield>
    <subfield code="g">&#x422;&#x430;&#x442;&#x44C;&#x44F;&#x43D;&#x430; &#x414;&#x43C;&#x438;&#x442;&#x440;&#x438;&#x435;&#x432;&#x43D;&#x430;</subfield>
    <subfield code="4">220</subfield>
  </datafield>
  <datafield tag="702" ind1=" " ind2="1">
    <subfield code="4">040</subfield>
    <subfield code="7">ca</subfield>
    <subfield code="8">rus</subfield>
    <subfield code="a">&#x421;&#x43E;&#x43A;&#x43E;&#x43B;&#x43E;&#x432;&#x430;</subfield>
    <subfield code="b">&#x418;. &#x412;.</subfield>
    <subfield code="c">&#x445;&#x443;&#x434;&#x43E;&#x436;&#x43D;&#x438;&#x43A;</subfield>
    <subfield code="f">1957-</subfield>
    <subfield code="g">&#x418;&#x440;&#x438;&#x43D;&#x430; &#x412;&#x430;&#x43B;&#x435;&#x43D;&#x442;&#x438;&#x43D;&#x43E;&#x432;&#x43D;&#x430;</subfield>
    <subfield code="3">RU\NLR\AUTH\770136961</subfield>
    <subfield code="9">136926</subfield>
  </datafield>
  <datafield tag="712" ind1="0" ind2="2">
    <subfield code="4">570</subfield>
    <subfield code="a">&#x41E;&#x431;&#x441;&#x43A;&#x43E;-&#x443;&#x433;&#x43E;&#x440;&#x441;&#x43A;&#x438;&#x439; &#x438;&#x43D;&#x441;&#x442;&#x438;&#x442;&#x443;&#x442; &#x43F;&#x440;&#x438;&#x43A;&#x43B;&#x430;&#x434;&#x43D;&#x44B;&#x445; &#x438;&#x441;&#x441;&#x43B;&#x435;&#x434;&#x43E;&#x432;&#x430;&#x43D;&#x438;&#x439; &#x438; &#x440;&#x430;&#x437;&#x440;&#x430;&#x431;&#x43E;&#x442;&#x43E;&#x43A;</subfield>
    <subfield code="c">&#x425;&#x430;&#x43D;&#x442;&#x44B;-&#x41C;&#x430;&#x43D;&#x441;&#x438;&#x439;&#x441;&#x43A;</subfield>
    <subfield code="3">RU\NLR\AUTH\8810098523</subfield>
    <subfield code="9">698059</subfield>
  </datafield>
  <datafield tag="801" ind1=" " ind2="0">
    <subfield code="a">RU</subfield>
    <subfield code="b">&#x420;&#x413;&#x411;</subfield>
    <subfield code="c">20140218</subfield>
    <subfield code="g">RCR</subfield>
  </datafield>
  <datafield tag="801" ind1=" " ind2="1">
    <subfield code="a">RU</subfield>
    <subfield code="b">&#x420;&#x413;&#x411;</subfield>
    <subfield code="c">20140218</subfield>
    <subfield code="2">rusmarc</subfield>
  </datafield>
  <datafield tag="852" ind1=" " ind2=" ">
    <subfield code="a">NLR</subfield>
    <subfield code="b">&#x41E;&#x41D;&#x41B;</subfield>
    <subfield code="j">&#x41C;&#x430;&#x43D;&#x441;./2-39</subfield>
  </datafield>
  <datafield tag="942" ind1=" " ind2=" ">
    <subfield code="c">BOOK</subfield>
  </datafield>
  <datafield tag="980" ind1=" " ind2=" ">
    <subfield code="a">NBR</subfield>
  </datafield>
</record>
